000 00717nas a2200253 4500
001 BR9201121
003 BR-BrBNA
005 20231205092344.0
007 ta
008 230509b bl.|||p| |||| 00| 00por d
040 _aBR-BrBNA
_bpor
_cBiblioteca Nacional de Agricultura
041 _a(Pt)
072 _aL72; N20
100 1 _aFehn, L.M.
100 1 _aMenschoy, A.B.
245 1 _aTecnica moderna de polvilhamento de inseticidas
650 _aINSETICIDA
650 _aPULVERIZACAO
650 _aPOLVILHAMENTO
650 _aMETODO DE APLICACAO
773 0 _tCerrado (Brazil)
_xISSN 0100-0578
_g(Mar 1973), v. 5(19) p. 30-31
_wBR9201121
909 _a202311
_bLúcia
_c55
_dLúcia Elande
942 _2AGRIS
_n0
_cANA
999 _c131146
_d131146